000 00587nam a2200241 a 4500
001 nice12345678
003 IN_TiNIC
005 20260116014226.0
008 050524s2004 ahma grp 000 0 eng
020 _a8186211
_c300
082 0 0 _a923.2
_bGEE
100 _aGeetha, V
245 _aSoul Force
_b Gandhi`s Writings on Peace
260 _aAhmedabad
_bTara Pub
_c2004
300 _a464p
500 _aincludes index and biblioraphy
505 2 _aIndex
650 _aGandhi-Speeches-peace
700 1 _aGeetha, V
902 _bSRS
942 _cBK
999 _c14406
_d14406